| 000 | 00575nam a2200229Ia 4500 | ||
|---|---|---|---|
| 008 | 160319s9999 xx 000 0 und d | ||
| 020 | _a971-862-003-6 | ||
| 050 | _aFIL GR 325 | ||
| 050 | _b.B38 1997 c.1 | ||
| 100 | _aBatubalani, A.M. | ||
| 245 | _aBook of Filipino and foreign riddles / | ||
| 245 | _cA.M. Batubalani. | ||
| 250 | _aStudent Edition | ||
| 260 | _aManila: | ||
| 260 | _bLoacan Pub.House, | ||
| 260 | _c1997 | ||
| 300 | _a84 pages : | ||
| 300 | _billustrations ; | ||
| 300 | _c20 cm. | ||
| 650 | _aRiddles. | ||
| 650 | _xRiddles, Philippines. | ||
| 999 |
_c291714 _d291714 |
||